000 00754nam a2200277Ia 4500
003 OSt
005 20221006153228.0
006 a|||||r|||| 00| 0
007 ta
008 221006b |||||||| |||| 00| 0 kor d
020 _cW 8,500
024 _a31,696
037 _bGift, Korean Embassy
_cTextual
040 _aEASL
_cEASL
_bkor
041 _2kor
_akor
082 _aY:351.495, P4
100 _aKIM Won-Seok Au.
_9663017
245 0 _aAmhaeng osa yeoljeon
260 _aGyeongido
_bMoonhak sucheop Kroa
_c2004
300 _a311p.
_ccm.
490 _v KL
650 _a KL
650 _aHistorical story
_9662869
942 _hY:351.495, P4
_cTEXL
_2CC
999 _c1099782
_d1099782